Cognition : (Record no. 4362)

MARC details
000 -LEADER
fixed length control field 00988cam a22001814a 4500
020 ## - INTERNATIONAL STANDARD BOOK NUMBER
ISBN 0131736884
022 ## - INTERNATIONAL STANDARD SERIAL NUMBER
ISSN 9780131736887
050 00 - CALL NUMBER
Classification number BF201
Item number .W65
100 1# - AUTHOR
Personal name Willingham, Daniel T.
245 10 - TITLE
Title Cognition :
Remainder of title the thinking animal /
Statement of responsibility, etc Daniel T. Willingham.
250 ## - EDITION
Edition statement 3rd ed.
260 ## - PUBLICATION INFORMATION
Place of publication Upper Saddle River, NJ :
Name of publisher Pearson/Prentice Hall,
Year of publication c2007.
300 ## - DESCRIPTION
Number of Pages xvii, 582 p. :
Other physical details ill. ;
Dimensions 24 cm.
500 ## - NOTES
General note Includes bibliographical references and index
505 ## - FORMATTED CONTENTS NOTE
Table of Content Chapter 1: Cognitive Psychologist's Approach to ResearchChapter 2: Methods of Cognitive PsychologyChapter 3: Visual PerceptionChapter 4: AttentionChapter 5: Sensory Memory and Primary MemoryChapter 6: Memory EncodingChapter 7: Memory RetrievalChapter 8: Memory StorageChapter 9: Visual ImageryChapter 10: Motor ControlChapter 11: Decision Making and Deductive ReasoningChapter 12: Problem SolvingChapter 13: Language StructureChapter 14: Language Processing
650 #0 - SUBJECTS
Topical Term Cognitive psychology.
942 ## - ADDED ENTRY ELEMENTS (KOHA)
Koha item type Books
Holdings
Withdrawn status Lost status Collection code Home library Current library Shelving location Date acquired Full call number Accession Number Koha item type
    Reference Methodist University Library Main Methodist University Library Main General Stacks 07/05/2014 BF201 .W65 39522 Books
Copyright © 2026  MUG Library